000 00493nam a22001697a 4500
005 20251108165956.0
008 250721s1988 xx 000 0 ara d
082 1 4 _a960.2/صلا
100 1 _aالصلابي، علي محمد
245 1 0 _aالدولة العبيدية في ليبيا /
264 1 _aعمان :
_bدار البيارق،
_c1988.
300 _a211ص
650 1 7 _aتاريخ ليبيا
650 1 7 _aالتاريخ الإسلامي
942 _2ddc
_cBK
999 _c36367
_d36367